Giáo trình logic học đại cương

Trình bày về đối tượng, ý nghĩa của logic học và những kiến thức về khái niệm, phán đoán, các quy luật cơ bản của logic hình thức, suy luận, chứng minh, bác bỏ và giả thuyết.

שמור ב:
מידע ביבליוגרפי
מחבר ראשי: Nguyễn Như Hải
פורמט: ספר
שפה:Vietnamese
יצא לאור: H. Giáo dục Việt Nam
מהדורה:Tái bản lần thứ 4
נושאים:
תגים: הוספת תג
אין תגיות, היה/י הראשונ/ה לתייג את הרשומה!
Thư viện lưu trữ: Thư viện Trường Đại học Nam Cần Thơ
LEADER 01018nam a22002057a 4500
001 NCT_94673
008 211210b xxu||||| |||| 00| 0 vie d
999 |c 4698  |d 4698 
020 |c 40000 
082 0 4 |2 23rd ed.  |a 160  |b H103 
100 1 |a Nguyễn Như Hải 
245 1 0 |a Giáo trình logic học đại cương  |c Nguyễn Như Hải 
250 |a Tái bản lần thứ 4 
260 |a H.  |b Giáo dục Việt Nam 
300 |a 226 tr.  |b Minh họa  |c 29cm 
520 3 |a Trình bày về đối tượng, ý nghĩa của logic học và những kiến thức về khái niệm, phán đoán, các quy luật cơ bản của logic hình thức, suy luận, chứng minh, bác bỏ và giả thuyết. 
653 |a Quản trị kinh doanh 
942 |2 ddc  |c BK 
952 |0 0  |1 0  |2 ddc  |4 0  |6 160_000000000000000_H103  |7 0  |9 21856  |a 000001  |b 000001  |d 2021-12-10  |o 160 H103  |p MD.18531  |r 2021-12-10  |v 40000.00  |w 2021-12-10  |y BK 
980 |a Thư viện Trường Đại học Nam Cần Thơ